CS:GO - Ostatni Major Paryż 2023 - Statystyki

Ogólne statystyki
  • Ten quiz został rozwiązany 202 razy
  • Średni wynik to 16 z 24
Statystyki odpowiedzi
Stage Odpowiedź % Poprawnych
Challenger Stage FaZe
95%
Legends Stage Vitality
94%
Legends Stage Natus Vincere
93%
Legends Stage 9INE
91%
Challenger Stage G2
88%
Challenger Stage GamerLegion
85%
Challenger Stage Liquid
79%
Challenger Stage ENCE
75%
Legends Stage Heroic
74%
Challenger Stage MOUZ
74%
Challenger Stage Apeks
69%
Legends Stage FURIA
69%
Legends Stage fnatic
66%
Challenger Stage Ninjas in Pijamas
65%
Challenger Stage Monte
61%
Challenger Stage TheMongolz
60%
Legends Stage Into the Breach
56%
Challenger Stage Complexity
53%
Challenger Stage paiN
47%
Challenger Stage OG
44%
Challenger Stage Grayhound
41%
Challenger Stage FORZE
38%
Challenger Stage Fluxo
37%
Legends Stage Bad News Eagles
36%
Nie znaleziono quizów pasujących do podanych kryteriów
Rozkład punktacji
Procent ludzi z każdym wynikiem
Percentyl według liczby udzielonych odpowiedzi
Twoja historia wyników
Nie rozwiązałeś tego quizu